Cities Everyone should know (Middle East Edition) - Statistics

General Stats
  • This quiz has been taken 361 times
    289 since last reset
  • The average score is 40 of 97
Answer Stats
Country City Hint City Population % Correct
Turkey Istanbul Biggest City 12.8M
87%
Israel Jerusalem Capital, Biggest City 796K
86%
Turkey Ankara Capital 4.3M
84%
Saudi Arabia Mecca Hajj, Holiest Muslim City 1.6M
84%
Lebanon Beirut Capital, Biggest City 1.9M
83%
Saudi Arabia Riyadh Capital, Biggest City 5.3M
83%
Georgia Tbilisi Capital, Biggest City 1.5M
83%
Azerbaijan Baku Capital, Biggest City 2.1M
82%
Israel Tel Aviv 2nd Biggest City 404K
82%
Iraq Baghdad Capital, Biggest City 7.2M
81%
Syria Damascus Capital 1.4M
79%
Iran Tehran Capital, Biggest City 10.2M
79%
United Arab Emirates Dubai Largest City, Burj Khalifa 2.1M
77%
Pakistan Islamabad Capital 1.7M
77%
Jordan Amman Capital, Biggest City 1.2M
76%
Qatar Doha Capital, Biggest City 1.3M
76%
Cyprus / Northern Cyprus Nicosia Capital, Biggest City 200K
76%
Afghanistan Kabul Capital, Biggest City 3.5M
75%
United Arab Emirates Abu Dhabi Capital, Richest City 921K
74%
Armenia Yerevan Capital, Biggest City 1M
74%
Yemen Sanaa Capital, Biggest City 1.9M
73%
Kuwait Kuwait City Capital, Biggest City 2.4M
72%
Saudi Arabia Medina 2nd Holiest Muslim City 1.2M
71%
Syria Aleppo Biggest City 2.1M
69%
Saudi Arabia Jeddah 2nd Biggest, Largest Red Sea Port 3.4M
69%
Oman Muscat Capital, Biggest City 1.2M
68%
Pakistan Karachi Biggest City, City of Lights 23.5M
67%
Turkey Izmir Biggest City Aegean Region, 2.6M
64%
Bahrain Manama Capital, Biggest City 330K
64%
Kazakhstan Astana Capital 835K
63%
Uzbekistan Tashkent Capital, Biggest City, Stone City 2.3M
61%
Kyrgyzstan Bishkek Capital, Biggest City 831K
60%
Pakistan Lahore 2nd Biggest, Biggest Punjabi City 7.6M
59%
Palestine Gaza Biggest City 949K
58%
Tajikistan Dushanbe Capital, Biggest City 680K
57%
Turkmenistan Ashgabat Capital, Biggest City 950K
56%
Israel Haifa 3rd Biggest City 269K
53%
Iraq Mosul 2nd Biggest Metro Area, Nineveh 1.8M
50%
Palestine Ramallah Capital 197K
49%
Yemen Aden Former Capital of South Yemen 760K
48%
Kazakhstan Almaty Biggest City, Former Capital 1.5M
48%
Iran Isfahan 3rd Biggest City 1.9M
47%
Iran Mashhad 2nd Biggest City 3M
46%
Iraq Basra Main Port 3.2M
44%
Iraqi Kurdistan Erbil Capital, Biggest City 1.4M
41%
Iran Shiraz Historical Capital of Persia, Garden City 1.45M
41%
Pakistan Faisalabad 3rd Biggest, Named for King Faisal of SA 3.5M
38%
Pakistan Hyderabad Twin in india 3.5M
36%
Lebanon Tripoli 2nd Biggest City 502K
34%
Syria Homs 3rd Biggest City, Krak de Chevaliers 652K
33%
Iran Qom Religious Capital of Iran 1.1M
33%
Uzbekistan Samarkand Silk Road Mid Point, 3rd Largest City 440K
33%
Iran Tabriz Historical Capital of Iran and Azerbaijan 1.5M
33%
Lebanon Tyre Historicaly important 117K
33%
Turkey Bursa Ottoman Capital 1.8M
32%
United Arab Emirates Sharjah 3rd Largest, Dry City 801K
31%
Afghanistan Kandahar 2nd Biggest City 500K
30%
Turkey Adana Biggest City Mediterranean Region 1.5M
28%
Cyprus Limassol 2nd Biggest City 154K
28%
Pakistan Rawalpindi Twin City with the Capital 3M
28%
Pakistan Peshawar Capital of the Pakistani Tribal Areas 3.3M
26%
Turkey Gaziantep Biggest City Anatolia Region 1.5M
24%
Afghanistan Herat 3rd Biggest City 440K
24%
Lebanon Sidon Historicaly important 200K
24%
Palestine Hebron Biggest City West Bank 563K
23%
Iraqi Kurdistan Kirkuk 2nd Biggest City 825K
23%
Turkey Konya Seljuk Capital 1M
22%
Syria Latakia Main Syrian Port 383K
21%
Syria Hama 4th Biggest City, Norias 312K
19%
Iraq Karbala Shia Holy City 572K
16%
Pakistan Multan City of Sufis, City of Saints 1.6M
16%
Iran Ahvaz Worlds Worst Air Pollution 1.1M
15%
Iran Bandar Abbas Strait of Hormuz strategic city 435K
14%
Saudi Arabia Damman Biggest Saudi City Persian Gulf 1M
14%
Jordan Zarqa The Blue One 481K
14%
Israel Acre Historically Important 47K
13%
Iran Karaj 4th Biggest City 1.9M
13%
Afghanistan Mazar-i-Sharif 4th Biggest City, aka Noble Shrine 375K
13%
Kyrgyzstan Osh 2nd Biggest City 232K
13%
United Arab Emirates Al Ain 4th Biggest, The Garden City 518K
12%
Azerbaijan Ganja 2nd Biggest City 325K
11%
Oman Salalah 2nd Biggest City 200K
11%
Kazakhstan Shymkent 3rd Biggest City 637K
10%
Saudi Arabia Ta'if Unofficial Sumer Capital 521K
10%
Iraq Fallujah The City of Mosques 326K
8%
Pakistan Gujranwala One of the Fastest growing Cities in the world 2.8M
8%
Nagorno-Karabakh Stepanakert Capital, Biggest City, Disputed 52K
8%
Qatar Al Rayyan 2nd Biggest City 444K
7%
Abkhazia Sukhumi Capital, Biggest City, Disputed 43K
7%
Turkmenistan Turkmenabat 2nd Biggest City 280K
7%
Yemen Al Hudaydah 4th Biggest City 548K
6%
Saudi Arabia Al-Ahsa Oasis Region 1M
5%
Uzbekistan Namangan 2nd Biggest City 450K
4%
Yemen Ta'izz 3rd Largest City 596K
4%
South Ossetia Tskhinvali Capital, Biggest City, Disputed 30K
3%
Syria Ar-Raqqah Capital of Abbasid Caliphate 220K
2%
Iraqi Kurdistan Sulamaniyah 3rd Biggest City 725K
2%
No matching quizzes found
Score Distribution
Percent of People with Each Score
Percentile by Number Answered
Your Score History
You have not taken this quiz since the last reset